1073 1953 1544 1881 1926 1935 1506 1098 1642 1317 1321 1965 1959 1038 1431 1936 1872 1512 1760 1118 1505 1421 1948 1369 1887 1892 1380 1272 1392 1057 1015 1327 1880 1303 1231 1326 1474 1748 1266 1010 1804 1361 1758 1523 1944 1973 1572 1847 1139 1091 1571 1107 1163 1466 1973 1583 1378 1961 1578 1284 1062 1481 1558 1085 1477 1067 1594 1092 1030 1188 1034 1780 1717 1547 1223 1817 1089 1920 1624 1343 1183 1148 1586 1536 1799 1621 1496 1244 1141 1507 1624 1650 1620 1359 1576 1345 1113 1536 1734 BCNSPRNW ULIB Ver.6.0+V

เปลี่ยนเป็นภาษาไทย

Change to English
 แสดงรายละเอียดบรรณานุกรม
  กลับหน้าหลัก

Brief Record : Get Marc (ISO 2709) : E-mail record : QR code < ปิดหน้าต่าง
LEADER : 00000nam 2200000uu 4500
001    13399107729
003     ULIB
008    110201s2553||||th 000 0 tha d
020    9786165510103
060 04 WS100^bC976 2553
245 00 Best practice in pediatrics /cบรรณาธิการ, นวลจันทร์ปราบพาล ... [และคนอื่นๆ]
246 14 การอบรมระยะสั้น กุมารเวชศาสตร์ 2553
250    พิมพ์ครั้งที่ 1
260    กรุงเทพฯ :^bภาควิชากุมารเวชศาสตร์ คณะแพทยศาสตร์จุฬาลงกรณ์มหาวิทยาลัย,^c2553
300    ix, 378 หน้า :^bภาพประกอบ ;^c27 ซม.
650  7 กุมารเวชศาสตร์
700 0  นวลจันทร์ ปราบพาล,^eบรรณาธิการ
710 2  จุฬาลงกรณ์มหาวิทยาลัย. ^bคณะแพทยศาสตร์.^bภาควิชากุมารเวชศาสตร์
945    ^p350^l0^i029524
945    ^p350^l0^i029525
945    ^p350^l0^i029526
995    เกษร
999 ^a ใช้งานได้ทุกระบบ
รายการนี้ยังไม่มีแท็ก
คุณยังไม่ได้ล็อกอิน คุณสามารถมีกิจกรรมร่วมกับเว็บไซต์ได้ แต่ต้องล็อกอินก่อน ::
  ล็อกอิน

รายการสื่อสารสนเทศ

ลำดับที่ ประเภท เลขเรียก/บาร์โค้ด สถานที่ สถานะ
1. วิทยาศาสตร์การแพทย์ และสุขภาพ
หนังสือสำรอง
สถานะ=หนังสือสำรอง
WS100 C976 2553 ฉ.1 
  Barcode: 029524
ห้องสมุดวิทยาเขตสวรรค์ประชารักษ์
►ส่วนจัดเก็บหนังสือเก่า สปร
บนชั้น
  ขอยืม
2. วิทยาศาสตร์การแพทย์ และสุขภาพ
วิทยาศาสตร์การแพทย์ และสุขภาพ
WS100 C976 2553 ฉ.2 
  Barcode: 029525
ห้องสมุดวิทยาเขตสวรรค์ประชารักษ์
►ส่วนจัดเก็บหนังสือเก่า สปร
บนชั้น
  ขอยืม
3. วิทยาศาสตร์การแพทย์ และสุขภาพ
วิทยาศาสตร์การแพทย์ และสุขภาพ
WS100 C976 2553 ฉ.3 
  Barcode: 029526
ห้องสมุดวิทยาเขตสวรรค์ประชารักษ์
►ส่วนจัดเก็บหนังสือเก่า สปร
บนชั้น
  ขอยืม

รายการใกล้เคียง
    ชื่อเรื่อง [Best practice in pediatrics /cบรรณาธิการ, นวลจันทร์ปราบพาล ... [และคนอื่นๆ]]

    หัวเรื่อง [กุมารเวชศาสตร์]

BibComment


ยังไม่เคยถูกคอมเมนท์

คอมเมนท์ทรัพยากรรายการนี้
  คอมเมนท์: Best practice in ..


 Copyright 2026. Bcnsprnw @Library